000 00649nam a2200217 a 4500
001 BRL_1841
005 20190320211407.0
008 070815s1972----mx-a######---#000-0#spa-#
041 _aspa
044 _amx
050 4 _aF1221.H8
_b.A54 1972
100 1 _aAnguiano, Raul
_d1915-
_94955
245 1 0 _aMawarirra, un viaje al mundo mágico de los huicholes
_cRaúl Anguiano.
260 _aMéxico
_bEditorial Estaciones
_c1972
300 _a22 p., 31 laminas
_bil.
_c23 cm.
500 _aAu2093
650 1 4 _aHuicholes
_xPolitica y gobierno
_928022
651 4 _aSan Andres Cahamiata
_xDescripcion y viajes
_928023
902 _aGRL
942 _2lcc
_cB
999 _c10649
_d10649